000 00304nam a2200121Ia 4500
008 240624s9999 xx 000 0 und d
041 _aeng
082 _a658.472 HUR
100 _aHURWITZ JUDITH S
245 _aCOGNITIVE COMPUTING AND BIG DATA ANALYTI
260 _c2015
_aDelhi
_bWiley
365 _cRS
_b33
999 _c26454
_d26454